zpět

Detail výsledku týmu

U sv. Filipa a Jakuba, Praha

Datum a čas kvízu

30 Celkem bodů Celkový počet nahraných bodů na tomto kvízu bez doplňovacích otázek.
3. Pořadí na kvízu Konečné umístění týmu na tomto kvízu.

Zaznamenané odpovědi

# Otázka Odpověď Body Výsledky
1. Zdravotní pojišťovny zveřejnil... 0
2. Do prodejny mobilů přišla žena... 0
3. Mark Hamill se ve čtvrtek dočk... 0
4. Na letošním ženevském autosalo... 0
5. Základní část naší hokejové ex... 1
6. V tomto tématu si posvítíme na... 1
7. Které jsou nejrozšířenější jaz... 0.5
8. Největší jezera na světě co do... 0.5
9. Státy USA s největší rozlohou:... 0.5
10. Státy Evropské unie podle rozl... 0